| 000 | 01165cab a2200361 4500 | ||
|---|---|---|---|
| 001 | ABS52857 | ||
| 008 | 090401t1995 xxu||||| |||| 00| 0 eng d | ||
| 035 | _a(Sirsi) u493 | ||
| 041 | _aeng | ||
| 245 | _aSupplement: distribution property | ||
| 260 | _c1995 | ||
| 350 | _a0 | ||
| 490 |
_aEstates Gazette _v(9521) 27 May 1995, S1-S55(18) |
||
| 520 | _aSurvey of distribution centres, including consideration of operating costs, location, construction costs, information technology and storage legislation. | ||
| 650 | _aBUILT ENVIRONMENT-BUILDING COSTS | ||
| 650 | _aDISTRIBUTION CENTRES | ||
| 650 | _aDISTRIBUTION INDUSTRY | ||
| 650 | _aDISTRIBUTION MARKET | ||
| 650 | _aELECTRONIC DATA INTERCHANGE | ||
| 650 | _aEUROPEAN UNION | ||
| 650 | _aHUMAN RESOURCES | ||
| 650 | _aMANAGEMENT-BUSINESS MANAGEMENT-INFORMATION MANAGEMENT | ||
| 650 | _aJUST-IN-TIME STRATEGIES | ||
| 650 | _aLAND SUPPLY | ||
| 650 | _aLOCATION | ||
| 650 | _aLOGISTICS | ||
| 650 | _aOPERATING COSTS | ||
| 650 | _aSTORAGE LEGISLATION | ||
| 650 | _aWAREHOUSES | ||
| 690 | _aPROPERTY-COMMERCIAL PROPERTY-COMMERCIAL PROPERTY MARKET | ||
| 942 | _n0 | ||
| 948 | _c04/03/1997 | ||
| 999 |
_c220 _d220 |
||